Compendio de historia general / (Record no. 9936)

MARC details
000 -CABECERA
campo de control de longitud fija 00594nam a2200181 a 4500
005 - FECHA Y HORA DE LA ÚLTIMA TRANSACCIÓN
campo de control 20240606063657.0
008 - ELEMENTOS DE LONGITUD FIJA--INFORMACIÓN GENERAL
campo de control de longitud fija 991125s1915 fr 000 0 spa u
035 ## - NÚMERO DE CONTROL DEL SISTEMA
Número de control de sistema UPN01000009936
049 ## - COLECCIÓN
Colección LT
050 #4 - SIGNATURA TOPOGRÁFICA DE LA BIBLIOTECA DEL CONGRESO
Número de clasificación LB1642 R4
Número de documento/Ítem D8.38a 1915
100 1# - ASIENTO PRINCIPAL--NOMBRE PERSONAL
Nombre de persona Ducoudray, Gustave,
Fechas asociadas al nombre 1838-1906
9 (RLIN) 42586
245 10 - MENCIÓN DE TÍTULO
Título Compendio de historia general /
Mención de responsabilidad, etc. G. Ducoudray ; tr. Mariano Urrabieta.
260 ## - PUBLICACIÓN, DISTRIBUCIÓN, ETC.
Lugar de publicación, distribución, etc. París :
Nombre del editor, distribuidor, etc. Hachette,
Fecha de publicación, distribución, etc. 1915.
300 ## - DESCRIPCIÓN FÍSICA
Extensión 556 p. :
Otras características físicas il.
500 ## - NOTA GENERAL
Nota general "Obra de texto para las escuelas de la República de Costa Rica"
650 #4 - ASIENTO SECUNDARIO DE MATERIA - TERMINO TEMATICO
Término de materia o nombre geográfico como elemento de entrada Historia
Subdivisión general Estudio y enseñanza
9 (RLIN) 6447
905 ## - TIPO DE MATERIAL
Tipo de material Libro
Holdings
Estado de retiro Estado de pérdida Fuente del sistema de clasificación o colocación Estado dañado No para préstamo Código de colección Localización permanente Ubicación/localización actual Ubicación en estantería Fecha de adquisición Clasificación Código de barras Fecha visto por última vez Número de copia Tipo de ítem Koha
    Library of Congress Classification   Disponible (Préstamo en sala) Libros de texto Bib. Gregorio Torres Quintero Bib. Gregorio Torres Quintero Colecciones especiales Planta alta 25/05/2023 LB1642 R4 D8.38a 1915 122245 31/12/2020 1 Libro